| 000 -LEADER |
| fixed length control field |
01500pab a2200193 454500 |
| 008 - FIXED-LENGTH DATA ELEMENTS--GENERAL INFORMATION |
| fixed length control field |
180718b2007 xxu||||| |||| 00| 0 eng d |
| 100 ## - MAIN ENTRY--PERSONAL NAME |
| Personal name |
Ramabrahman, I. |
| 245 ## - TITLE STATEMENT |
| Title |
Civil service reforms: Stockholders perspective |
| 260 ## - PUBLICATION, DISTRIBUTION, ETC. |
| Date of publication, distribution, etc. |
2007 |
| 300 ## - PHYSICAL DESCRIPTION |
| Extent |
p.376-390. |
| 362 ## - DATES OF PUBLICATION AND/OR SEQUENTIAL DESIGNATION |
| Dates of publication and/or sequential designation |
Jul-Sep |
| 520 ## - SUMMARY, ETC. |
| Summary, etc. |
Over a period of time bureaucracy in India has been transforming itself from the monopolistic role to facilitator. The new demands placed on the State institutions owing to globalisation calls for reforms. An elaborate questionnaire was circulated to civil servants on the proposed reforms within All India Services (AIS) to assess the views of civil servants by the government agencies. A micro study was undertaken by the authors to ascertain their views on various aspects of reforms by Second Administrative Reforms Commission. A five-point Likert's scale is used to ascertain the views of civil servants and aspirants on the proposed reforms. The results revealed an interesting trend. While those in service felt that reforms are imperative, yet they are unsure of their feasibility for implementation. A modest sample of 30 AIS officers and equal number of aspirants constitute the sample for the study which was pilot tested with the help of responses from 40 officers. - Reproduced. |
| 650 ## - SUBJECT ADDED ENTRY--TOPICAL TERM |
| Topical term or geographic name entry element |
Administrative reform - India |
| 650 ## - SUBJECT ADDED ENTRY--TOPICAL TERM |
| Topical term or geographic name entry element |
Administrative reform |
| 700 ## - ADDED ENTRY--PERSONAL NAME |
| Personal name |
Rao, N. Mukteshwara |
| 773 ## - HOST ITEM ENTRY |
| Main entry heading |
Indian Journal of Public Administration |
| 908 ## - PUT COMMAND PARAMETER (RLIN) |
| Put command parameter |
N |
| 909 ## - |
| -- |
76574 |